Bāṃlā-Urdū abhidhāna = (Record no. 81832)

MARC details
000 -LEADER
fixed length control field 00805nam a2200217 a 4500
001 - CONTROL NUMBER
control field sa 68007477
003 - CONTROL NUMBER IDENTIFIER
control field DLC
005 - DATE AND TIME OF LATEST TRANSACTION
control field 20260227112523.0
008 - FIXED-LENGTH DATA ELEMENTS--GENERAL INFORMATION
fixed length control field 920311m19661980bg d 000 0 beno
010 ## - LIBRARY OF CONGRESS CONTROL NUMBER
LC control number sa 68007477 //r95
040 ## - CATALOGING SOURCE
Original cataloging agency DLC
Transcribing agency DLC
050 00 - LIBRARY OF CONGRESS CALL NUMBER
Classification number PK1687
Item number .C56
100 1# - MAIN ENTRY--PERSONAL NAME
Personal name Choudhury, A. M. Faiz Ahmad.
245 10 - TITLE STATEMENT
Title Bāṃlā-Urdū abhidhāna =
Remainder of title Bengali to Urdu dictionary /
Statement of responsibility, etc. E. Ema. Phaẏeja Āhmada Caudhurī saṃkalita.
260 0# - PUBLICATION, DISTRIBUTION, ETC.
Place of publication, distribution, etc. Ḍhākā :
Name of publisher, distributor, etc. Kendrīẏa Bāṇlā-Unnaẏana-Borḍa,
Date of publication, distribution, etc. 1966-1980.
300 ## - PHYSICAL DESCRIPTION
Extent 4 v. ;
Dimensions 25 cm.
500 ## - GENERAL NOTE
General note Bengali and Urdu; foreword in English; pref. in Urdu.
500 ## - GENERAL NOTE
General note Vols. 3-4 have imprint: Ḍhākā : Bāṃlā Ekāḍemī.
505 0# - FORMATTED CONTENTS NOTE
Formatted contents note 1.Svarabarṇa -- 2. Byañjana barṇa.
650 #0 - SUBJECT ADDED ENTRY--TOPICAL TERM
Topical term or geographic name entry element Bengali language
General subdivision Dictionaries
-- Urdu.

No items available.

Powered by Koha